000 00536nam a22001695i 4500
001 163312
003 ES-MaACL
005 20230906212720.0
008 050718s1879 it | |||||||| ||ita d
040 _aCAM
_bspa
_cCAM
100 1 _aRenier, Rodolfo.
_9131704
245 1 3 _aLa vita nuova e la fiammetta
_b: studio critico /
_cRodolfo Renier.
260 _aTorino e Roma :
_bErmanno Loescher,
_c1879 (
_fTip. di S.M. e RR. PP.)
300 _a350 p. ;
_c20 cm.
752 _aItalia -
_dTurín
852 _aES-MaACL
_jF-10721
_z-- Rúst.
999 _c163312
_d163312